| 000 | 00373nam a2200133Ia 4500 | ||
|---|---|---|---|
| 005 | 20260328104305.0 | ||
| 008 | 260328s9999||||xx |||||||||||||| ||und|| | ||
| 100 | _aHorowitz, Irving Louis | ||
| 245 | 0 |
_aFundamentos de Sociologia Politica / _cIrving Louis Horowitz |
|
| 260 | _bFondo de Cultura Económica | ||
| 300 | _a667 p. | ||
| 650 | _aCIENCIAS POLITICAS | ||
| 942 | _cBK | ||
| 999 |
_c10735 _d10735 |
||